|
|
|
|
| LEADER |
00000nam a22000007a 4500 |
| 005 |
2021090907567.0 |
| 007 |
cr|||| |||| |
| 008 |
210909s2018 br |||||s|||| 00||0 por d |
| 020 |
|
|
|a 978-85-8242-316-5
|
| 035 |
|
|
|a 35148
|
| 040 |
|
|
|a vLex
|
| 090 |
|
|
|c 12389
|d 12389
|
| 100 |
1 |
|
|a Rosenvald, Nelson
|
| 245 |
1 |
0 |
|a Dano moral coletivo
|h [Recurso electrn̤ico] /
|c Nelson Rosenvald, Felipe Teixeira Neto
|
| 256 |
|
|
|a Servicio en ln̕ea
|
| 260 |
|
|
|a San Pablo:
|b Editora Foco,
|c 2018
|
| 300 |
|
|
|a 1 recurso electrn̤ico
|
| 506 |
1 |
|
|a Disponible solo en los productos indicados
|d vLex Global
|d vLex Global (Academic Edition, excluding Law Schools)
|d vLex Global (U.S. Academic Edition, Law Schools)
|d vLex Global (U.S. Academic Edition, excluding Law Schools)
|d vLex Global (Academic Edition, Law Schools)
|
| 650 |
0 |
4 |
|a Derecho Civil
|z Brasil
|
| 700 |
1 |
|
|a Teixeira Neto, Felipe
|
| 740 |
0 |
|
|a vLex Libros (Servicio en ln̕ea)
|
| 856 |
4 |
0 |
|u https://app.vlex.com/#/sources/35148
|z Acceso restringido
|
| 942 |
|
|
|c BOOK
|
| 999 |
0 |
|
|a Civil Law
|